[Event "Nancy-B"]
[Site "Nancy"]
[Date "2007.02.23"]
[Round "7"]
[White "Gladyszev, Oleg"]
[Black "Woehrel, Hermann"]
[Result "1-0"]
[WhiteElo "2455"]
[BlackElo "2166"]
[PlyCount "77"]
[EventDate "2007.02.19"]
[EventType "tourn"]
[EventRounds "9"]
[EventCountry "FRA"]
[EventCategory "3"]
[SourceTitle "CBM 116 Extra"]
[Source "ChessBase"]
[SourceDate "2007.03.07"]
[SourceVersion "1"]
[SourceVersionDate "2007.03.07"]
[SourceQuality "1"]

1. d4 Nf6 2. c4 e6 3. Nc3 Bb4 4. Qc2 Nc6 5. Nf3 d6 6. Bd2 0-0 7. a3 Bxc3 8. Bxc3 Qe7 9. b4 e5 10. dxe5 Nxe5 11. Nxe5 dxe5 12. e3 Bg4 13. f3 Bh5 14. Qb2 Nd7 15. Bd3 Nb6 16. 0-0 Na4 17. Qc2 Nxc3 18. Qxc3 Bg6 19. Bxg6 hxg6 20. Rad1 c6 21. Rd2 Rfd8 22. Rfd1 Rxd2 23. Rxd2 e4 24. f4 a5 25. h3 axb4 26. axb4 Qh4 27. Kh2 g5 28. Qe5 gxf4 29. exf4 Qe1 30. Rd7 Qxb4 31. Qxe4 Qb2 32. c5 Rb8 33. Rd4 Qb3 34. f5 Qc3 35. Qe5 Rf8 36. f6 g6 37. Qf4 Qxc5 38. Qh6 Qe5+ 39. Rf4 1-0

[Event "Nancy-B"]
[Site "Nancy"]
[Date "2007.02.19"]
[Round "1"]
[White "Bakalarz, Mietek"]
[Black "Woehrel, Hermann"]
[Result "1-0"]
[WhiteElo "2378"]
[BlackElo "2166"]
[PlyCount "56"]
[EventDate "2007.02.19"]
[EventType "tourn"]
[EventRounds "9"]
[EventCountry "FRA"]
[EventCategory "3"]
[SourceTitle "CBM 116 Extra"]
[Source "ChessBase"]
[SourceDate "2007.03.07"]
[SourceVersion "1"]
[SourceVersionDate "2007.03.07"]
[SourceQuality "1"]

1. e4 c5 2. Nc3 Nc6 3. Bb5 g6 4. Bxc6 dxc6 5. d3 Bg7 6. Be3 b6 7. Qd2 e5 8. f4 exf4 9. Bxf4 Qe7 10. Nf3 h6 11. 0-0 g5 12. Bg3 Bg4 13. e5 0-0-0 14. Ne4 Kb7 15. b4 f5 16. Nd6+ Ka8 17. h3 f4 18. hxg4 fxg3 19. bxc5 h5 20. Nf5 Qc7 21. Qxg5 hxg4 22. Qxg7 Qxg7 23. Nxg7 Rd7 24. Nf5 gxf3 25. Rxf3 Nh6 26. e6 Rd5 27. Nxh6 Rxh6 28. e7 Rh8 1-0

[Event "FRA-chT2D 0506"]
[Site "France"]
[Date "2005.11.20"]
[Round "3.7"]
[White "Perisse, Loic"]
[Black "Woehrel, Hermann"]
[Result "0-1"]
[WhiteElo "2077"]
[BlackElo "2106"]
[PlyCount "54"]
[EventDate "2005.10.27"]
[EventType "team-tourn"]
[EventRounds "11"]
[EventCountry "FRA"]
[SourceTitle "EXT 2006"]
[Source "ChessBase"]
[SourceDate "2005.11.24"]
[SourceVersion "1"]
[SourceVersionDate "2005.11.24"]
[SourceQuality "1"]
[WhiteTeam "Gueugnon"]
[BlackTeam "Nancy"]
[WhiteTeamCountry "FRA"]
[BlackTeamCountry "FRA"]

1. d4 Nf6 2. Nc3 d5 3. e4 dxe4 4. Bg5 Bf5 5. Qe2 c6 6. 0-0-0 Nbd7 7. d5 cxd5 8. Nxd5 Nxd5 9. Rxd5 Be6 10. Rb5 a6 11. Rxb7 Qa5 12. Bd2 Qxa2 13. Bc3 g6 14. Bd4 Bh6+ 15. Be3 Bxe3+ 16. fxe3 Qa1+ 17. Kd2 Nc5 18. Rb4 Qa5 19. c3 Rd8+ 20. Rd4 Nb3+ 21. Ke1 Nxd4 22. exd4 Qa1+ 23. Kf2 Rb8 24. Qxa6 Rxb2+ 25. Ke3 Qe1+ 26. Be2 Qxc3+ 27. Kxe4 Bf5+ 0-1

[Event "FRA-chT2D 0506"]
[Site "France"]
[Date "2005.10.16"]
[Round "1.7"]
[White "Vallet, Marc"]
[Black "Woehrel, Hermann"]
[Result "1/2-1/2"]
[WhiteElo "2202"]
[BlackElo "2106"]
[PlyCount "73"]
[EventDate "2005.10.27"]
[EventType "team-tourn"]
[EventRounds "11"]
[EventCountry "FRA"]
[SourceTitle "EXT 2006"]
[Source "ChessBase"]
[SourceDate "2005.11.24"]
[SourceVersion "1"]
[SourceVersionDate "2005.11.24"]
[SourceQuality "1"]
[WhiteTeam "Lille"]
[BlackTeam "Nancy"]
[WhiteTeamCountry "FRA"]
[BlackTeamCountry "FRA"]

1. e4 c5 2. Nf3 Nc6 3. Bb5 g6 4. Bxc6 dxc6 5. d3 Bg7 6. 0-0 e5 7. Be3 Qe7 8. h3 Nf6 9. Nc3 Nd7 10. a4 Nf8 11. a5 Ne6 12. Na4 0-0 13. Qd2 Nd4 14. Nh2 f5 15. exf5 gxf5 16. Rae1 f4 17. Bxf4 Qd6 18. Be3 Rb8 19. Nc3 b6 20. Ne4 Qg6 21. Kh1 Rb7 22. axb6 axb6 23. b3 Rbf7 24. Qd1 Kh8 25. Rg1 Kg8 26. Nf1 Nf5 27. Qg4 Nxe3 28. Qxg6 hxg6 29. Nxe3 Rf4 30. f3 Rh4 31. Ng4 Bd7 32. Ra1 Be6 33. Ra6 Bd5 34. Rxb6 Ra8 35. c4 Bxe4 36. dxe4 Ra3 37. Rd1 1/2-1/2

[Event "Paris-ch op-B"]
[Site "Paris"]
[Date "2005.07.13"]
[Round "5"]
[White "Rabineau, Clement"]
[Black "Woehrel, Hermann"]
[Result "1-0"]
[WhiteElo "2179"]
[BlackElo "2106"]
[PlyCount "87"]
[EventDate "2005.07.09"]
[EventType "swiss"]
[EventRounds "9"]
[EventCountry "FRA"]
[SourceTitle "EXT 2006"]
[Source "ChessBase"]
[SourceDate "2005.11.24"]
[SourceVersion "1"]
[SourceVersionDate "2005.11.24"]
[SourceQuality "1"]

1. e4 c5 2. Nf3 Nc6 3. Nc3 g6 4. d4 cxd4 5. Nxd4 Bg7 6. Be3 Nf6 7. Nxc6 bxc6 8. e5 Nd5 9. Nxd5 cxd5 10. Qxd5 Rb8 11. Bxa7 e6 12. Qd2 Rxb2 13. Bd4 Rb8 14. f4 Bb7 15. a4 0-0 16. Bb5 d6 17. Rd1 dxe5 18. Bxe5 Bxe5 19. Qxd8 Rfxd8 20. fxe5 Bxg2 21. Rg1 Bb7 22. Rd6 Kf8 23. Rg3 Rdc8 24. c4 Rc5 25. Re3 Rbc8 26. Kd2 Bc6 27. Rxc6 R8xc6 28. Bxc6 Rxc6 29. Kc3 Ke7 30. Kb4 f6 31. exf6+ Kxf6 32. a5 Ke7 33. c5 Kd7 34. Kb5 Rc8 35. Rd3+ Kc7 36. c6 Rb8+ 37. Kc5 h5 38. a6 Rb2 39. Rd7+ Kb8 40. Rd8+ Kc7 41. a7 Rc2+ 42. Kb4 Ra2 43. a8Q Rxa8 44. Rxa8 1-0